000 00597nam a2200229Ia 4500
001 48188
005 20240114003859.0
007 ta
008 090512s1925 g b000 u san u
040 _aCotton College,Assam
041 _asan
082 _a491.25
_bM 691 V
100 _aDurgaprasad, Pandit .
245 0 _aThe Vanibhushana Of Damodara Misra /
_cPandit Durgaprasad.
_hTextual Documents
250 _a1st ed. /
260 _aSl :
_bSn ,
_c1925.
300 _a42p. ;
_c22 cm..
653 _aT/G-Language
942 _2ddc
_cBK
999 _c48153
_d48153